<?xml version="1.0" encoding="UTF-8"?>
<marc:record xmlns:marc="http://www.loc.gov/MARC21/slim">
   <marc:leader>00000nam a2200000 a 4500</marc:leader>
   <marc:datafield ind1="1" ind2=" " tag="100">
      <marc:subfield code="a">Bachmann, Ingeborg</marc:subfield>
      <marc:subfield code="4">aut</marc:subfield>
      <marc:subfield code="e">Verfasser/-in</marc:subfield>
   </marc:datafield>
   <marc:datafield ind1="1" ind2=" " tag="100">
      <marc:subfield code="a">Reitani, Luigi</marc:subfield>
      <marc:subfield code="4">edt</marc:subfield>
      <marc:subfield code="e">Bearbeiter/-in</marc:subfield>
   </marc:datafield>
   <marc:datafield ind1=" " ind2=" " tag="653">
      <marc:subfield code="a">Gedichte</marc:subfield>
   </marc:datafield>
   <marc:datafield ind1=" " ind2=" " tag="653">
      <marc:subfield code="a">Gruppe 47</marc:subfield>
   </marc:datafield>
   <marc:datafield ind1=" " ind2=" " tag="653">
      <marc:subfield code="a">Lyriksammlung</marc:subfield>
   </marc:datafield>
   <marc:datafield ind1=" " ind2=" " tag="653">
      <marc:subfield code="a">Georg-Büchner-Preis</marc:subfield>
   </marc:datafield>
   <marc:datafield ind1=" " ind2=" " tag="653">
      <marc:subfield code="a">Paul Celan</marc:subfield>
   </marc:datafield>
   <marc:datafield ind1=" " ind2=" " tag="653">
      <marc:subfield code="a">Lyrikband</marc:subfield>
   </marc:datafield>
   <marc:datafield ind1=" " ind2=" " tag="653">
      <marc:subfield code="a">Malina</marc:subfield>
   </marc:datafield>
   <marc:datafield ind1=" " ind2=" " tag="653">
      <marc:subfield code="a">1950er</marc:subfield>
   </marc:datafield>
   <marc:datafield ind1=" " ind2=" " tag="653">
      <marc:subfield code="a">Bremer Literaturpreis</marc:subfield>
   </marc:datafield>
   <marc:datafield ind1=" " ind2=" " tag="653">
      <marc:subfield code="a">Italienisches Kulturinstitut</marc:subfield>
   </marc:datafield>
   <marc:datafield ind1=" " ind2=" " tag="653">
      <marc:subfield code="a">Die gestundete Zeit</marc:subfield>
   </marc:datafield>
   <marc:datafield ind1=" " ind2=" " tag="653">
      <marc:subfield code="a">Römisches Nachtbild</marc:subfield>
   </marc:datafield>
   <marc:datafield ind1=" " ind2=" " tag="653">
      <marc:subfield code="a">Erklär mir</marc:subfield>
   </marc:datafield>
   <marc:datafield ind1=" " ind2=" " tag="653">
      <marc:subfield code="a">Liebe</marc:subfield>
   </marc:datafield>
   <marc:datafield ind1=" " ind2=" " tag="653">
      <marc:subfield code="a">Softcover / Belletristik/Lyrik</marc:subfield>
   </marc:datafield>
   <marc:datafield ind1=" " ind2=" " tag="653">
      <marc:subfield code="a">Lyrik</marc:subfield>
   </marc:datafield>
   <marc:datafield ind1="0" ind2="0" tag="245">
      <marc:subfield code="a">Anrufung des Großen Bären</marc:subfield>
   </marc:datafield>
   <marc:datafield ind1="0" ind2="0" tag="245">
      <marc:subfield code="b">Gedichte</marc:subfield>
   </marc:datafield>
   <marc:datafield ind1="0" ind2="0" tag="245">
      <marc:subfield code="c">Ingeborg Bachmann ; herausgegeben von Luigi Reitani ; mit einem Vorwort von Hans Höller</marc:subfield>
   </marc:datafield>
   <marc:datafield ind1=" " ind2="1" tag="264">
      <marc:subfield code="a">München</marc:subfield>
      <marc:subfield code="b">Suhrkamp</marc:subfield>
      <marc:subfield code="c">2022</marc:subfield>
   </marc:datafield>
   <marc:datafield ind1="1" ind2=" " tag="520">
      <marc:subfield code="a">Angaben aus der Verlagsmeldung

Salzburger Bachmann Edition : Anrufung des Großen Bären / von Ingeborg Bachmann

Ingeborg Bachmanns zweite Lyriksammlung, Anrufung des Großen Bären (1956), enthält Verse, die wegen ihrer hohen Einprägsamkeit, der Kühnheit ihrer Metaphern und ihrem zeitkritischen, ethisch motivierten Sprachgestus schon bei ihrem Erscheinen Aufsehen erregten und bald kanonisiert wurden. Es sind Gedichte, die radikale Fragen stellen und Themen wie Liebe, Selbstbestimmung, Verantwortung, Utopie mit scharfer denkerischer Freiheit in mitreißenden Klangbildern entfalten.

Die neue Edition macht die raffiniert durchkomponierte Struktur der Sammlung sichtbar. Zum ersten Mal werden die Gedichte unter Berücksichtigung des Nachlasses ausführlich kommentiert und im kulturgeschichtlichen Diskurs der Zeit verortet. Das weitgespannte Netz von intertextuellen Bezügen, der Dialog mit Paul Celan, der philosophische Horizont, die Vielfalt an metrischen Formen, die verwickelte Editionsgeschichte und die kontroverse Rezeption werden exemplarisch dargestellt, so dass die Verse in ihrer unerschöpflichen Vitalität und Ausstrahlungskraft neu beleuchtet werden.

Die Salzburger Bachmann Edition präsentiert die Prosa, Gedichte und Essays, Hörspiele, Libretti sowie die Korrespondenzen Ingeborg Bachmanns in Form einer integrierten Ausgabe. Die Texte werden ergänzt durch eingehende Kommentare auf dem gegenwärtigen Stand der Forschung, die Bachmanns Werk neu erschließen. Neben den zu Lebzeiten erschienenen Werken werden auch unbekannte nachgelassene Texte zugänglich gemacht.

</marc:subfield>
   </marc:datafield>
   <marc:datafield ind1=" " ind2=" " tag="020">
      <marc:subfield code="a">9783518426050</marc:subfield>
      <marc:subfield code="9">9783518426050</marc:subfield>
   </marc:datafield>
   <marc:datafield ind1=" " ind2=" " tag="020">
      <marc:subfield code="a">3518426052</marc:subfield>
      <marc:subfield code="9">3518426052</marc:subfield>
   </marc:datafield>
   <marc:datafield ind1=" " ind2=" " tag="300">
      <marc:subfield code="a">332 Seiten</marc:subfield>
   </marc:datafield>
</marc:record>
